Toto collections

Podrobná bibliografia
Korporatívny autor: Toto (hudobná skupina) (Autor)
Médium: CD Zvuková nahrávka
Jazyk:angličtina
Fyzický popis:1 zvuková platňa digitál. 12 cm
Vydavateľské údaje: [S.l.] Sony Music Entertainment Czech Republic 2010
Predmet:

MARC

LEADER 00000njm a2200000 a 4500
001 vtls010292000
003 SK-MaSNL
005 20260301213540.0
007 sd fungnnmmned
008 110713p2010 xr rcnn eng
040 |a SNK  |b slo  |c SNK  |e AACR2 
041 0 |d eng 
044 |a xr  |c CZ 
072 7 |a 784  |x Vokálna hudba  |2 konspekt 
080 |a 784.4  |2 2001 
080 |a 78.036  |2 2001 
080 |a (086.76)  |2 2001 
110 2 |a Toto (hudobná skupina)  |4 aut  |9 179779 
245 1 0 |a Toto  |h zvukový záznam  |b collections 
260 |a [S.l.]  |b Sony Music Entertainment Czech Republic  |c 2010 
300 |a 1 zvuková platňa  |b digitál.  |c 12 cm 
500 |a Príloha denníka Nový čas 
500 |a Kompilácia p2006 Sony BMG Music Entertainment Artwork 
500 |a Kompaktná platňa 
505 0 0 |t Hold the line --  |t Rosanna --  |t Africa --  |t Georgy Porgy --  |t Live for today --  |t 99 --  |t Without your love --  |t St. George and the dragon --  |t Isolation --  |t I'll be over you 
511 0 |a Účinkuje skupina Toto 
650 0 7 |a populárne piesne  |2 SNKPH  |9 3446 
650 0 7 |a rock  |2 SNKPH  |9 3179 
655 7 |a kompaktné platne  |2 SNKPH  |9 70690 
999 |c 921983  |d 923913 
952 |a SNK  |b SNK  |y PREZ  |7 0  |p 17A0707473  |o snkSCD 2563  |i snk2011/15457  |8 0  |0 0  |1 0  |4 0  |d 2011-07-13  |l 0  |r 2026-02-24 08:19:24  |w 2026-02-24 
952 |a SNK  |b SNK  |y PREZ  |7 0  |p 17A0707472  |o snkSCD 2563 D1  |i snk2011/15458  |8 0  |0 0  |1 0  |4 0  |d 2011-07-13  |l 0  |r 2026-02-24 08:19:24  |w 2026-02-24